000 00260nam a2200109Ia 4500
008 200302s9999 xx 000 0 und d
100 _aPeter Murray
245 _aRenaissance Architecture
260 _bFaber and Faber Electa
260 _c1986
300 _a196 P.,
999 _c1002
_d1002